000 00326nam a22001217a 4500
999 _c9581
_d9581
003 OSt
008 201203b ||||| |||| 00| 0 eng d
245 _aIndustrial Products Finder
250 _a2008(Jan Vol.36 No.9, Jul Vol.36 No.10)
260 _aChennai
_bIPF Publications
650 _aMechanical Engineering
942 _2ddc
_cBV